| 000 | 00561cam a2200193u 4500 | ||
|---|---|---|---|
| 001 | 6795407 | ||
| 003 | OSt | ||
| 005 | 20250901165818.0 | ||
| 008 | 860205s1893 xx 000 0 eng | ||
| 010 | _a 04015094 | ||
| 040 |
_aDLC _cCarP _dDLC |
||
| 050 | 0 | 0 |
_aPZ 3 .C857 Ro2 1983 _bRo2 _aPS1455 |
| 100 | 1 |
_aCrawford, F. Marion _q(Francis Marion), _d1854-1909. |
|
| 245 | 1 | 2 | _aA Roman singer, |
| 260 |
_aNew York and London, _bMacmillan & co., _c1893. |
||
| 300 |
_a2 p.l., 354 p. _c19 cm. |
||
| 906 |
_a0 _bcbc _cpremunv _du _encip _f19 _gy-gencatlg |
||
| 942 |
_2lcc _cBK |
||
| 999 |
_c9546 _d9546 |
||